[Event "38th World Open"]
[Site "King of Prussia USA"]
[Date "2010.07.02"]
[Round "4"]
[White "Stocek,J"]
[Black "Tan, McKinley"]
[Result "1-0"]
[WhiteElo "2593"]
[BlackElo "1998"]

1.d4 Nf6 2.c4 e6 3.Nc3 Bb4 4.Nf3 c5 5.g3 Ne4 6.Qc2 cxd4 7.Nxd4 Qa5 8.Bg2 Nxc3
9.O-O Nxe2+ 10.Qxe2 Nc6 11.Nb3 Qd8 12.Bxc6 bxc6 13.c5 Ba5 14.Qg4 O-O 15.Nxa5 Qxa5
16.Bh6 g6 17.Qd4 f6 18.Bxf8 Kxf8 19.Qxf6+ Kg8 20.Rac1 Ba6 21.Rfd1 Rf8 22.Qe5 Bc8
23.a3 d5 24.Rd4 Qb5 25.Rb4 Qd3 26.Rf4 Rxf4 27.Qxf4 e5 28.Qxe5 Bh3 29.Qe8+ Kg7
30.Qe7+ Kg8 31.Qd8+ Kg7 32.Qc7+ Kh6 33.Qf4+ g5 34.Qf8+ Kh5 35.Qe8+ Kh6 36.Qe3 Qf5
37.Re1  1-0

[Event "ch-IRL"]
[Site "Dublin IRL"]
[Date "2010.07.04"]
[Round "2"]
[White "Quinn,C"]
[Black "Murray,D"]
[Result "1-0"]
[WhiteElo "2104"]
[BlackElo "2021"]

1.d4 Nf6 2.c4 e6 3.Nc3 Bb4 4.Nf3 b6 5.Qc2 Bb7 6.e3 Ne4 7.Bd3 f5 8.O-O Bxc3
9.bxc3 O-O 10.Nd2 Nxd2 11.Bxd2 d6 12.f4 Nd7 13.e4 Qf6 14.Rae1 Rad8 15.Re3 fxe4
16.Bxe4 Bxe4 17.Qxe4 e5 18.Rg3 Qf7 19.Qd3 Rde8 20.f5 Nf6 21.Bh6 Nh5 22.Rg5 Kh8
23.Qh3 gxh6 24.Rxh5 exd4 25.cxd4 Qxc4 26.Qh4 Qxa2 27.Rxh6 Rf7 28.g4 Qd5 29.g5 Re4
30.Qh3 Qxd4+ 31.Kh1 Re3 32.Qg2 Kg8 33.g6 hxg6 34.Rxg6+ Rg7 35.f6 Rxg6 36.Qxg6+ Kf8
37.Qg7+ Ke8 38.f7+ Kd7 39.Qxd4 Kc6 40.Qxe3  1-0

[Event "38th World Open"]
[Site "King of Prussia USA"]
[Date "2010.07.04"]
[Round "7"]
[White "Kacheishvili,G"]
[Black "Molner,M"]
[Result "1-0"]
[WhiteElo "2587"]
[BlackElo "2439"]

1.d4 Nf6 2.c4 e6 3.Nc3 Bb4 4.Nf3 b6 5.Bg5 h6 6.Bh4 g5 7.Bg3 Ne4 8.Qc2 Bb7
9.Be5 f6 10.d5 fxe5 11.Qxe4 Qf6 12.Rc1 d6 13.h4 gxh4 14.Qxh4 Qxh4 15.Rxh4 Nd7
16.Nd2 Ke7 17.dxe6 Bxc3 18.Rxc3 Nf6 19.f4 exf4 20.Rxf4 Kxe6 21.g3 Kf7 22.Bh3 Rae8
23.b4 Re7 24.Ra3 a6 25.Bg4 Kg7 26.Bf3 Bc8 27.Nb1 Rhe8 28.Nc3 Re3 29.Kd2 R8e5
30.Rb3 Be6 31.Rb1 b5 32.cxb5 axb5 33.Rc1 Kg6 34.Rf1 Rxc3 35.Kxc3 Nd5+ 36.Kd2 Rg5
37.Rh4 Nf6 38.a3 Rxg3 39.Rfh1 h5 40.Bxh5+ Nxh5 41.Rxh5 Bc4 42.R5h3 Rg2 43.R1h2 Rg1
44.Rf3 Bd5 45.Rc3 c6 46.Rf2 Rg4 47.Re3  1-0

[Event "38th TCh-GRE DivA"]
[Site "Peristeri GRE"]
[Date "2010.07.05"]
[Round "1"]
[White "Cmilyte,V"]
[Black "Genova,Ly"]
[Result "1-0"]
[WhiteElo "2527"]
[BlackElo "2260"]

1.d4 Nf6 2.c4 e6 3.Nc3 Bb4 4.Nf3 Ne4 5.Qc2 Bxc3+ 6.bxc3 f5 7.g3 c5 8.Bg2 Nc6
9.d5 Na5 10.dxe6 O-O 11.O-O d6 12.Nh4 g6 13.Bxe4 fxe4 14.Qxe4 Qe7 15.Bh6 Rf6
16.f4 Qxe6 17.Qxe6+ Bxe6 18.e4 Bh3 19.Rfe1 Re8 20.Nf3 Nxc4 21.Ng5 Bd7 22.Rad1 Ba4
23.Rd3 Bc6 24.h3 b6 25.Kh2 a5 26.Rdd1 a4 27.Re2 a3 28.Rde1 Bb5 29.e5 dxe5
30.fxe5 Rf5 31.e6 Nb2 32.Rd2 Bc4 33.Rd7 Rxg5 34.Bxg5 Rxe6 35.Rxe6 Bxe6 36.Ra7 Bxa2
37.Rxa3 Bd5 38.Ra7 h5 39.Rd7 Bf7 40.Bf6 Kf8 41.Rb7 Na4 42.Rb8+ Be8 43.c4 Kf7
44.Ba1 Bc6 45.Rc8 Bf3 46.Rc7+ Ke6 47.Ra7 Bd1 48.Kg2 Kf5 49.Kf2 Ke4 50.Re7+ Kd3
51.Rd7+ Kc2 52.Bf6 Kc1 53.Bg5+ Kc2 54.Rd2+ Kc1 55.Rd6+ Kc2 56.Rxg6 Kc3 57.Ke1 Bf3
58.Rf6 Bg2 59.h4 Kxc4 60.Rf4+ Kb3 61.g4 Nb2 62.Ke2 hxg4 63.h5 Bd5 64.h6 Bg8
65.Rf7 c4 66.Rg7 Bd5 67.h7 Bf3+ 68.Kf2 Nd1+ 69.Kg3  1-0

[Event "XII Open"]
[Site "Torredembarra ESP"]
[Date "2010.07.06"]
[Round "4"]
[White "Pozo Vera,S"]
[Black "Spassov,L"]
[Result "1/2-1/2"]
[WhiteElo "2453"]
[BlackElo "2376"]

1.d4 Nf6 2.c4 e6 3.Nc3 Bb4 4.Nf3 c5 5.e3 O-O 6.Bd3 d5 7.O-O cxd4 8.exd4 dxc4
9.Bxc4 b6 10.Bg5 Bxc3 11.bxc3 Nbd7 12.Bd3 Bb7 13.Re1 Qc7 14.c4 h6 15.Bh4 Qf4
16.Bg3 Qg4 17.Be2 Qe4 18.Rc1 Rfd8 19.Bc7 Rdc8 20.Bd6 Qc6 21.Bf4 Rd8 22.d5 Qc5
23.Be3 Qd6 24.dxe6 Qxe6 25.Nd4 Qe5 26.Bf3 Bxf3 27.Qxf3 Qh5 28.Qxh5 Nxh5 29.Nc6 Re8
30.Red1 Nhf6  1/2-1/2

[Event "ZDMI Open"]
[Site "Dresden GER"]
[Date "2010.07.11"]
[Round "2"]
[White "Mouritsen,J"]
[Black "Ries,Ber"]
[Result "1-0"]
[WhiteElo "1751"]
[BlackElo "2040"]

1.d4 Nf6 2.Nf3 e6 3.c4 Bb4+ 4.Nc3 O-O 5.e3 d5 6.a3 Be7 7.Bd3 b6 8.O-O Bb7
9.Ne5 Nbd7 10.f4 c5 11.cxd5 exd5 12.Qc2 Rc8 13.Bd2 cxd4 14.exd4 Ne4 15.Nxd7 Qxd7
16.Rad1 Bf6 17.Be3 Rfe8 18.Rf3 Qc6 19.Rh3 g6 20.Nxe4 dxe4 21.Qxc6 Bxc6 22.Ba6 Ba4
23.Rb1 Rcd8 24.b3 Bd7 25.Rg3 Bh4 26.Kf2 b5 27.d5 Ra8 28.Rc1 Bxg3+ 29.hxg3 Red8
30.Bb7 Rab8 31.Rc7 Bc8 32.Bc6 Bf5 33.Bxa7 Rbc8 34.Re7 Rxc6 35.dxc6 Rd2+ 36.Ke1 Rd3
37.c7 Rxb3 38.Re8+ Kg7 39.c8=Q Bxc8 40.Rxc8 Rxa3 41.Bd4+ Kh6 42.g4 f5 43.gxf5 gxf5
44.Rc5 Rd3 45.Bb2 Rb3 46.Bf6 Kg6 47.Bg5 b4 48.Rc6+ Kg7 49.Rf6 Rb1+ 50.Kf2 Rb2+
51.Kg3 Rb3+ 52.Kh4 e3 53.Rxf5 e2 54.Kh5 h6 55.Bxh6+ Kg8 56.Re5 Rd3 57.Rxe2 b3
58.f5 Rd5 59.Kg4  1-0

[Event "ch-SWE"]
[Site "Lund SWE"]
[Date "2010.07.11"]
[Round "9"]
[White "Tikkanen,H"]
[Black "Brynell,S"]
[Result "1/2-1/2"]
[WhiteElo "2469"]
[BlackElo "2495"]

1.d4 e6 2.c4 Nf6 3.Nc3 Bb4 4.Nf3 c5 5.g3 Bxc3+ 6.bxc3 Qa5 7.Qd3 b6 8.Bg2 Bb7
9.O-O Be4 10.Qe3 O-O  1/2-1/2

[Event "38th TCh-GRE DivA"]
[Site "Peristeri GRE"]
[Date "2010.07.11"]
[Round "7"]
[White "Sismanis,A"]
[Black "Sigalas,F"]
[Result "1-0"]
[WhiteElo "2226"]
[BlackElo "2276"]

1.d4 Nf6 2.c4 e6 3.Nc3 Bb4 4.Nf3 O-O 5.Bg5 d5 6.cxd5 exd5 7.e3 Nbd7 8.Bd3 c5
9.O-O Bxc3 10.bxc3 c4 11.Bf5 Qa5 12.Qc2 Re8 13.Nd2 Ne4 14.Bxe4 dxe4 15.Bh4 Qd5
16.f3 exf3 17.e4 Qh5 18.Nxf3 Qg6 19.Rae1 b5 20.Qb1 a6 21.Bg3 Bb7 22.Nh4 Qb6
23.Kh1 Nf8 24.Nf5 Rad8 25.d5 Ng6 26.a4 Ne5 27.Bxe5 Rxe5 28.axb5 axb5 29.Qb4 Rde8
30.Nd6 R8e7 31.Nxc4  1-0

[Event "7th South Wales Int"]
[Site "Treforest WLS"]
[Date "2010.07.11"]
[Round "3"]
[White "Menadue,J"]
[Black "Hurn,R"]
[Result "1-0"]
[WhiteElo "2155"]
[BlackElo "1843"]

1.d4 Nf6 2.c4 e6 3.Nc3 Bb4 4.Nf3 c5 5.g3 Bxc3+ 6.bxc3 Qa5 7.Bd2 Ne4 8.Bg2 O-O
9.O-O f5 10.Qc2 Nc6 11.d5 Ne7 12.Ng5 Nxd2 13.Qxd2 h6 14.dxe6 dxe6 15.Nh3 Rd8
16.Qe3 Rb8 17.Qe5 Bd7 18.Nf4 Nc6 19.Bxc6 Bxc6 20.Nh5  1-0

[Event "XXXIII Open"]
[Site "Barbera del Valles ESP"]
[Date "2010.07.12"]
[Round "9"]
[White "Fluvia Poyatos,Jor"]
[Black "Fedorchuk,S"]
[Result "1/2-1/2"]
[WhiteElo "2467"]
[BlackElo "2665"]

1.d4 Nf6 2.c4 e6 3.Nc3 Bb4 4.Nf3 b6 5.Bg5 Bb7 6.e3 h6 7.Bh4 Bxc3+ 8.bxc3 d6
9.Nd2 g5 10.Bg3 Nbd7 11.h4 g4 12.h5 Qe7 13.Bh4 Qf8 14.Qa4 c6 15.e4 Qg7 16.c5 dxc5
17.e5 Nd5 18.Ne4 O-O 19.Bd3 cxd4 20.cxd4 f5 21.exf6 N7xf6 22.Nxf6+ Nxf6 23.Bg3 c5
24.O-O Nxh5 25.Be5 Nf6 26.dxc5 bxc5 27.Rac1 Qd7 28.Qxd7 Nxd7 29.Bd6 Rfc8
30.Bb5 Bc6 31.Ba6 Rd8 32.f3 gxf3 33.gxf3 Bd5 34.Bc7 Rf8 35.f4 Kf7 36.f5 Rg8+
37.Kh2 Rg2+ 38.Kh3 Rag8 39.fxe6+ Ke7 40.exd7 Be6+ 41.Kh4 R2g4+ 42.Kh5 R4g5+
43.Kh4 Kxd7 44.Rf6 Rg4+ 45.Kh5 R8g5+ 46.Kxh6 Rg8 47.Kh7 Rh4+  1/2-1/2

[Event "GM"]
[Site "Bogota COL"]
[Date "2010.07.12"]
[Round "3"]
[White "Flores,Di"]
[Black "Cordova,E"]
[Result "1-0"]
[WhiteElo "2584"]
[BlackElo "2560"]

1.d4 Nf6 2.c4 e6 3.Nc3 Bb4 4.Nf3 b6 5.Bg5 Bb7 6.Nd2 h6 7.Bh4 Nc6 8.e3 Be7
9.Be2 O-O 10.O-O d5 11.Rc1 a6 12.Bf3 dxc4 13.Bxf6 Bxf6 14.Nxc4 Rb8 15.Qe2 Qe7
16.a3 Nd8 17.Bxb7 Nxb7 18.Ne4 b5 19.Nxf6+ gxf6 20.Nd2 Rfd8 21.Nb3 f5 22.Rc2 Nd6
23.Na5 Nc4 24.Nc6 Qd6 25.Nxb8 Rxb8 26.Rfc1 Rb7 27.Qf3 c6 28.a4 Rb6 29.Ra1 Qb4
30.Qg3+ Kf8 31.Qc7 a5 32.Rac1 Kg7 33.h3 Ra6 34.Qb7 Rb6 35.Qa7 Qb3 36.Kh1 h5
37.Qc7 Ra6 38.Qg3+ Kf8 39.axb5 cxb5 40.Rc3 Ra8 41.Ra1  1-0

[Event "ZDMI Open"]
[Site "Dresden GER"]
[Date "2010.07.13"]
[Round "4"]
[White "Moiseenko,A1"]
[Black "Farago,I"]
[Result "1-0"]
[WhiteElo "2667"]
[BlackElo "2420"]

1.d4 e6 2.c4 Nf6 3.Nc3 Bb4 4.Nf3 d5 5.cxd5 exd5 6.Bg5 h6 7.Bh4 c6 8.e3 g5
9.Bg3 Ne4 10.Rc1 Bf5 11.Bd3 Nd7 12.O-O Qe7 13.Bxe4 dxe4 14.Nd2 O-O 15.d5 Nf6
16.dxc6 bxc6 17.a3 Ba5 18.Qa4 Bb6 19.Nc4 Qe6 20.Rfd1 Rfd8 21.Rd6 Rxd6 22.Nxd6 Bg6
23.Qxc6 Rd8 24.Na4 Nh5 25.Nxb6 Nxg3 26.hxg3 Rxd6 27.Qc8+ Qxc8 28.Nxc8 Rd7
29.b4 Bh5 30.b5 Be2 31.a4 Kf8 32.Rc6 h5 33.Nd6 Bd3 34.a5 Ke7 35.Nf5+ Kd8
36.Nd4 Rd5 37.b6 axb6 38.axb6 Ba6 39.Rc7 Rd7 40.Nc6+  1-0

[Event "3rd Open"]
[Site "Paracin SRB"]
[Date "2010.07.13"]
[Round "5"]
[White "Todorovic,Boj"]
[Black "Milenkovic,M"]
[Result "1/2-1/2"]
[WhiteElo "2305"]
[BlackElo "2380"]

1.d4 Nf6 2.c4 e6 3.Nc3 Bb4 4.Nf3 b6 5.Bg5 h6 6.Bh4 Bb7 7.e3 g5 8.Bg3 Ne4
9.Qc2 f5 10.Bd3 Bxc3+ 11.bxc3 d6 12.d5 Qf6 13.Nd4 Nc5 14.f3 Nba6 15.dxe6 Nxd3+
16.Qxd3 O-O 17.h4 Nc5 18.Qc2 Rae8 19.hxg5 hxg5 20.O-O-O Nxe6 21.Bf2 Re7 22.Rh5 Rh7
23.Rdh1 Rxh5 24.Rxh5 Ng7 25.Rh1 c5 26.Nb3 Qe6 27.Nd2 d5 28.Re1 dxc4 29.e4 fxe4
30.Nxe4 Bxe4 31.Rxe4 Qd5 32.Qa4 Rf4 33.Rxf4 gxf4 34.Qxa7 Qe5 35.Qa8+ Kh7
36.Kd2 Qd6+ 37.Ke1 Qd3 38.Qe4+ Qxe4+ 39.fxe4 Ne6 40.Bh4 b5 41.Be7 Kg6 42.Ke2 Kf7
43.Bd6 Ng5 44.Bxf4 Nxe4 45.Bd2 Ke6 46.Be1 Kf5 47.Kd1 Kf4 48.Kc2 Ke5 49.a3 Nf6
50.Bh4 Nd5 51.Be1 Nf6 52.Bg3+ Ke4 53.Bd6 Kd5 54.Be7 Ne4 55.Bf8 Nf2 56.Bg7 Ne4
57.g4 Ke6 58.Kb2 Nf2 59.g5 Ne4 60.Bh6 Kf7 61.Kc2 Kg6 62.Kb2 Kf5 63.Bf8 Kxg5
64.a4 bxa4 65.Ka3 Kf4 66.Kxa4 Ke3 67.Kb5 Kd3 68.Bg7 Nxc3+ 69.Kxc5 Nd1 70.Bh8 Ne3
71.Kb4 Nf5 72.Kc5 Ne7 73.Bg7 Ng6 74.Bf6 Nf4 75.Ba1 Ne6+ 76.Kd5 Ng5 77.Kc5 Ne4+
78.Kb4 Nd2 79.Bh8 Nf3 80.Bb2 Ng1 81.Kc5 Ne2 82.Bg7 Nc1 83.Bh8 Nb3+ 84.Kd5 Nd2
85.Bg7 Nf1 86.Kc5 Ne3 87.Bh8 Nf5 88.Bf6 Ng3 89.Bh8 Ne4+ 90.Kd5 Nd2 91.Kc5 Kc2
92.Kb4 Kd3 93.Kc5 Nb3+ 94.Kd5 Nd4 95.Bxd4 c3 96.Bxc3 Kxc3  1/2-1/2

[Event "5th Nana Aleksandria Cup"]
[Site "Poti GEO"]
[Date "2010.07.13"]
[Round "3"]
[White "Makharadze,J"]
[Black "Ammar,A"]
[Result "1/2-1/2"]
[WhiteElo "2392"]
[BlackElo "2181"]

1.d4 Nf6 2.c4 e6 3.Nf3 Bb4+ 4.Nc3 Ne4 5.Qc2 f5 6.a3 Bxc3+ 7.bxc3 O-O 8.e3 b6
9.Bd3 Bb7 10.O-O d6 11.Nd2 Nxd2 12.Bxd2 Nd7 13.e4 f4 14.e5 Qh4 15.Be4 Bxe4
16.Qxe4 dxe5 17.g3 Qh3 18.gxf4 exf4 19.Rae1 Rae8 20.Bxf4 Qxc3 21.Rc1 Nf6
22.Qe3 Qxe3 23.fxe3 c6 24.a4 Nh5 25.Be5 Rxf1+ 26.Kxf1 Nf6 27.Ke2 Nd7 28.Bd6 Kf7
29.Rf1+ Kg8 30.a5 e5 31.Kd3 Re6 32.Bc7 exd4 33.exd4 b5 34.a6 bxc4+ 35.Kxc4 Re2
36.Kb3 Rd2 37.Rc1 Rd3+ 38.Kb2 Rxd4 39.Rxc6 Kf7 40.Bg3 Rb4+ 41.Kc3 Rb5 42.Kc4 Rb1
43.Rc7 Ke6 44.Rxa7 Ra1 45.Kb5 Rb1+ 46.Kc4 Ra1 47.Kd4 Ra4+ 48.Kc3 h5 49.Bf2 Nb8
50.Rxg7 Nxa6 51.Rh7 Ra5 52.Rh6+ Kf7 53.Bd4 Nb8 54.Rh7+ Kg6 55.Rc7 Ra3+ 56.Kc4 Ra4+
57.Kd5 Na6 58.Rg7+ Kf5 59.h4 Nb4+ 60.Kd6 Ra6+ 61.Kc5 Nd3+ 62.Kc4 Nf4 63.Rg5+ Ke4
64.Be5 Ne6 65.Rxh5 Ra5 66.Kb4 Rc5 67.Kb3 Kd3 68.Kb4 Rd5 69.Rf5 Ke4 70.Rf1 Kxe5
71.h5 Rd3 72.Kb5 Rh3 73.Kc6 Ng5 74.Re1+ Ne4 75.Ra1 Nf6 76.Re1+ Kf5 77.Kd6 Rd3+
78.Kc5  1/2-1/2

[Event "85th ch-ARG"]
[Site "Buenos Aires ARG"]
[Date "2010.07.14"]
[Round "9"]
[White "Gaitan,Juan Manuel"]
[Black "Fiori,A"]
[Result "1-0"]
[WhiteElo "2047"]
[BlackElo "2166"]

1.d4 Nf6 2.c4 e6 3.Nc3 Bb4 4.Nf3 d5 5.Bg5 Nbd7 6.cxd5 exd5 7.e3 c5 8.Bd3 Qa5
9.Qc2 c4 10.Bf5 Nc5 11.Bxc8 Nd3+ 12.Ke2 Rxc8 13.Bxf6 gxf6 14.a3 Bxc3 15.bxc3 b5
16.Rhb1 Rb8 17.Ne1 Nxe1 18.Kxe1 Qc7 19.Qf5 Qd6 20.a4 a6 21.axb5 axb5 22.Qf4 Qxf4
23.exf4 Kd7 24.Ra7+ Ke6 25.Ra5 Kf5 26.Raxb5 Rxb5 27.Rxb5 Ke4 28.Ke2 Rd8 29.g3 Rd7
30.Rb6 Ra7 31.f3+ Kf5 32.g4+ Kg6 33.g5 Ra2+ 34.Ke3 Rc2 35.Rxf6+ Kg7 36.Rd6 Rxc3+
37.Kf2 Rd3 38.Rxd5 c3 39.Kg3 Rd2 40.Rc5 c2 41.f5 h6 42.h4 hxg5 43.hxg5 Kh7
44.Rc8 Kg7 45.Rc7 Kg8 46.f4 Kf8 47.Kf3 Ke8 48.g6 Kd8 49.Rc6 Kd7 50.d5 Ke7
51.g7 Rd3+ 52.Kg4 Rd1 53.f6+  1-0

[Event "ZDMI Open"]
[Site "Dresden GER"]
[Date "2010.07.14"]
[Round "5"]
[White "Hutschenreiter,J"]
[Black "Broekman,W"]
[Result "0-1"]
[WhiteElo "2066"]
[BlackElo "2085"]

1.d4 e6 2.c4 Nf6 3.Nc3 Bb4 4.Nf3 c5 5.e3 O-O 6.Bd3 d6 7.O-O Nbd7 8.Ne2 e5
9.dxe5 dxe5 10.e4 Re8 11.Qc2 Nf8 12.a3 Ba5 13.Rb1 Bc7 14.Nc3 Bg4 15.Ne1 Ne6
16.f3 Bh5 17.Be3 Nd4 18.Qf2 Bg6 19.Bc2 Qe7 20.Ba4 Rec8 21.Nd3 a6 22.Rfc1 Qd6
23.Nd5 Nxd5 24.cxd5 b5 25.Bd1 Bb6 26.g4 a5 27.b3 f6 28.a4 c4 29.bxc4 bxc4
30.Nb2 c3 31.Nd3 Be8 32.Kg2 Ra7 33.f4 Rac7 34.fxe5 fxe5 35.Rxb6 Qxb6 36.Nxe5 c2
37.Be2 Qb1 38.Ba6 Nb3 39.Rf1 Qxf1+ 40.Qxf1 c1=Q 41.Bxc1 Rxc1 42.Qf5 R1c2+
43.Kg3 R8c3+ 44.Bd3 Nd4 45.Qf1 Rd2 46.Kf4 h6 47.Ke3 Nb3 48.d6 Bxa4 49.d7 Rdxd3+
50.Nxd3 Bxd7 51.Qe1 Rc8 52.Qg3 Be6 53.Qd6 Bf7 54.Ne5 Rc3+ 55.Kf4 Be8 56.Qe6+ Kf8
57.Qd6+ Kg8 58.Qe6+ Kf8 59.Nd7+ Bxd7 60.Qxd7 Nc5 61.Qd8+ Kf7 62.Qxa5 Ne6+
63.Kf5 Rc5+ 64.Qxc5 Nxc5 65.g5 g6+ 66.Ke5 h5 67.Kd5 Ne6 68.h4 Ke7 69.Ke5 Nc7
70.Kd4 Ke6 71.Kd3 Ke5 72.Ke3 Nb5  0-1

[Event "Maria Albulet Mem"]
[Site "Braila ROU"]
[Date "2010.07.16"]
[Round "3"]
[White "Worek,J"]
[Black "Genova,Ly"]
[Result "1/2-1/2"]
[WhiteElo "2232"]
[BlackElo "2209"]

1.d4 Nf6 2.c4 e6 3.Nc3 Bb4 4.Nf3 Ne4 5.Qc2 f5 6.a3 Bxc3+ 7.bxc3 b6 8.g3 Ba6
9.Bg2 Nc6 10.d5 Na5 11.dxe6 O-O 12.exd7 Qxd7 13.O-O Rae8 14.Bf4 Qe7 15.h4 Nxc4
16.Nd4 Bb7 17.a4 Kh8 18.Rad1 a6 19.Nf3 Nc5 20.Rfe1 Bc6 21.Ra1 Be4 22.Qa2 Bd5  1/2-1/2

[Event "ZDMI Open"]
[Site "Dresden GER"]
[Date "2010.07.17"]
[Round "8"]
[White "Keeve,Martin"]
[Black "Grzeca,P"]
[Result "0-1"]
[WhiteElo "1912"]
[BlackElo "1880"]

1.d4 Nf6 2.c4 e6 3.Nc3 Bb4 4.Nf3 c5 5.a3 Bxc3+ 6.bxc3 O-O 7.g3 b6 8.Bg2 Bb7
9.O-O Qc7 10.Qc2 Be4 11.Qa2 Rc8 12.Bg5 cxd4 13.cxd4 Qxc4 14.Rac1 Qa6 15.Rxc8+ Qxc8
16.Rc1 Qb7 17.Qc4 Nc6 18.Bxf6 gxf6 19.Nh4 Bxg2 20.Nxg2 Rc8 21.Rd1 d5 22.Nf4 dxc4  0-1

[Event "XIV Battle Of Senta"]
[Site "Senta SRB"]
[Date "2010.07.17"]
[Round "1"]
[White "Kryakvin,D"]
[Black "Popov,St"]
[Result "1-0"]
[WhiteElo "2603"]
[BlackElo "2208"]

1.d4 Nf6 2.c4 e6 3.Nf3 Bb4+ 4.Nc3 O-O 5.Bg5 h6 6.Bh4 c5 7.e3 cxd4 8.exd4 d5
9.Rc1 b6 10.cxd5 exd5 11.Be2 Re8 12.O-O g5 13.Bg3 Bxc3 14.Rxc3 Ne4 15.Rc1 Nxg3
16.fxg3 f6 17.Qc2 Kg7 18.Ne5 f5 19.Rxf5 Bxf5 20.Qxf5 Qf6 21.Rc7+ Re7 22.Rxe7+ Qxe7
23.Qg6+ Kf8 24.Qxh6+ Kg8 25.Bf3  1-0

[Event "ZDMI Open"]
[Site "Dresden GER"]
[Date "2010.07.18"]
[Round "9"]
[White "Ghaem Maghami,E"]
[Black "Meier,Geo"]
[Result "1-0"]
[WhiteElo "2585"]
[BlackElo "2648"]

1.d4 e6 2.c4 Nf6 3.Nc3 Bb4 4.Nf3 c5 5.g3 cxd4 6.Nxd4 O-O 7.Bg2 d5 8.cxd5 Nxd5
9.Qb3 Nc6 10.Nxc6 bxc6 11.O-O Rb8 12.a3 Nxc3 13.bxc3 Bd6 14.Qa4 Qc7 15.Qxc6 Qxc6
16.Bxc6 Rb3 17.Rd1 Be5 18.Bd2 Ba6 19.Bf3 h6 20.a4 Rb2 21.Be3 Bxe2 22.Bxe2 Rxe2
23.Bxa7 Bxc3 24.Ra3 Ba5 25.Rd7 Re4 26.Rb7 Rd8 27.Rb5 Rd5 28.Bc5 Rc4 29.Rxa5 Rdxc5
30.Rxc5 Rxc5 31.a5 Rc7 32.f4 Kf8 33.Kf2 Ke7 34.Ke3 Ra7 35.Kd4 Kd6 36.g4 g5
37.f5 exf5 38.gxf5 h5 39.a6 g4 40.Ke4 f6 41.Kf4 Kc7 42.Kg3  1-0

[Event "21st Czech Rapid Open"]
[Site "Pardubice CZE"]
[Date "2010.07.21"]
[Round "2"]
[White "Stocek,J"]
[Black "Biriukov,O"]
[Result "1-0"]
[WhiteElo "2587"]
[BlackElo "2359"]

1.d4 Nf6 2.c4 e6 3.Nc3 Bb4 4.Nf3 b6 5.Bg5 h6 6.Bh4 g5 7.Bg3 Ne4 8.Qc2 Bb7
9.e3 d6 10.Bd3 Bxc3+ 11.bxc3 f5 12.c5 bxc5 13.Qb3 Qc8 14.Bxe4 fxe4 15.Nd2 cxd4
16.cxd4 Bd5 17.Qc2 Qb7 18.O-O Qc6 19.Qd1 Nd7 20.Rc1 Qb7 21.Qc2 Ke7 22.f3 exf3
23.gxf3 e5 24.dxe5 Nxe5 25.Bxe5 dxe5 26.Qf5 Rae8 27.Qxe5+ Kd8 28.Qd4 Kc8
29.Rb1 Qa8 30.e4 Bb7 31.Rfc1 Rh7 32.Nc4  1-0

[Event "21st Czech GM Open"]
[Site "Pardubice CZE"]
[Date "2010.07.23"]
[Round "1"]
[White "Furman,Bo"]
[Black "Krejci,Jan2"]
[Result "0-1"]
[WhiteElo "2237"]
[BlackElo "2463"]

1.d4 Nf6 2.c4 e6 3.Nc3 Bb4 4.Nf3 O-O 5.Bg5 h6 6.Bh4 d5 7.e3 Nbd7 8.cxd5 exd5
9.Bd3 c6 10.O-O Re8 11.Qc2 Be7 12.h3 Nf8 13.Ne5 N6d7 14.Bg3 Nxe5 15.Bxe5 Bf6
16.f4 Bh4 17.f5 Nd7 18.Bf4 Nf6 19.g3 Bg5 20.Bxg5 hxg5 21.Qf2 Qd6 22.Qf3 Bd7
23.Rae1 Re7 24.h4 gxh4 25.gxh4 Rae8 26.Rf2 c5 27.Ree2 cxd4 28.exd4 Rxe2 29.Nxe2 Ne4
30.Rg2 Qf6 31.Rg4 Bxf5 32.Rf4 Qg6+ 33.Kh2 Nd2 34.Qxd5 Bxd3 35.Ng3 Be4  0-1

[Event "3rd Open"]
[Site "Paleochora GRE"]
[Date "2010.07.25"]
[Round "5"]
[White "Rombaldoni,D"]
[Black "Parligras,M"]
[Result "1/2-1/2"]
[WhiteElo "2493"]
[BlackElo "2574"]

1.d4 Nf6 2.c4 e6 3.Nc3 Bb4 4.Nf3 c5 5.g3 Ne4 6.Qd3 Qa5 7.Qxe4 Bxc3+ 8.Bd2 Bxd2+
9.Nxd2 Nc6 10.dxc5 b6 11.Bg2 Bb7 12.Qf4 bxc5 13.Qd6 Nd8 14.O-O Bxg2 15.Kxg2 Qb6
16.Qd3 Qc6+ 17.Nf3 f6 18.Rad1 Nf7 19.Kg1 a5 20.e4 a4 21.Rd2 Ke7 22.h4 Rab8
23.Qe2 d6 24.Rc1 Rb6 25.Ne1 Rhb8 26.Nd3 e5 27.f4 Nd8 28.f5 Qb7 29.g4 h6 30.Qe3 Nc6
31.g5 hxg5 32.hxg5 Rh8 33.Rg2 Kd8 34.Rcc2 Nd4 35.Rh2 Rxh2 36.Rxh2 fxg5 37.Qxg5+ Qe7
38.Rh8+ Kd7 39.Qg4 Rb7 40.f6+ Qe6 41.Qxg7+ Kc6 42.Qg6 Qxc4 43.Qe8+ Kb6 44.Qd8+ Kb5
45.Qa8 Qf7 46.Rg8 Qh7 47.Nf2 Nc6 48.Nd1 Ra7 49.Qc8 Qd7 50.Nc3+ Kc4 51.Nxa4 Kd4
52.Nb6 Qh7 53.Qe6 Kxe4 54.Rg3 Qh5 55.Qb3 Qe2 56.f7 Qe1+ 57.Kg2 Qe2+ 58.Kh1 Qe1+
59.Kh2 Qd2+ 60.Kh3 Qh6+ 61.Kg2 Qd2+ 62.Kf1 Qc1+ 63.Kf2 Qd2+ 64.Kg1 Qe1+ 65.Kh2 Qd2+
66.Kh1 Qe1+ 67.Kg2  1/2-1/2

[Event "XXXVI Open"]
[Site "Sitges ESP"]
[Date "2010.07.25"]
[Round "4"]
[White "Barsov,A"]
[Black "Rojas Keim,L"]
[Result "1-0"]
[WhiteElo "2505"]
[BlackElo "2437"]

1.d4 Nf6 2.c4 e6 3.Nc3 Bb4 4.Nf3 c5 5.g3 Ne4 6.Qd3 cxd4 7.Nxd4 Bxc3+ 8.bxc3 Nc5
9.Qf3 d6 10.Bg2 O-O 11.O-O Nbd7 12.Rd1 a6 13.Nb3 Qc7 14.Qf4 e5 15.Qd2 Nxb3
16.axb3 Nc5 17.Qc2 Be6 18.Be3 Rab8 19.Rd2 a5 20.Bxc5 Qxc5 21.Bd5 b6 22.Qe4 Qc7
23.Qd3 Rfd8 24.h4 Bxd5 25.Qxd5 b5 26.cxb5 Qxc3 27.Rda2 Ra8 28.b6 Qb4 29.Rxa5 Rxa5
30.Qxa5 Qxa5 31.Rxa5 Rb8 32.b7  1-0

[Event "MTO"]
[Site "Biel SUI"]
[Date "2010.07.26"]
[Round "7"]
[White "Nedilko,V"]
[Black "De Groote,E"]
[Result "1/2-1/2"]
[WhiteElo "2408"]
[BlackElo "2251"]

1.d4 Nf6 2.c4 e6 3.Nc3 Bb4 4.Nf3 c5 5.g3 d5 6.cxd5 exd5 7.Bg2 Nc6 8.O-O O-O
9.dxc5 Bxc5 10.Bg5 d4 11.Bxf6 Qxf6 12.Nd5 Qd8 13.Nd2 a6 14.Rc1 Ba7 15.Nf4 Rb8
16.Qb3 Qe7 17.Rfe1 Bf5 18.a3 Rfe8 19.Qd5 Bg4 20.h3 Rbd8 21.Qe4 Qg5 22.Nf3 Bxf3
23.Qxf3 d3 24.Nxd3 Nd4 25.Qxb7 Nxe2+ 26.Rxe2 Rxe2 27.Qxa7 Rxd3 28.Rc8+ Rd8
29.Qd7 Rf8 30.Rxf8+ Kxf8 31.Qc8+ Re8 32.Qxa6 Qc1+ 33.Bf1 Qxb2 34.a4 g6 35.a5 Re1
36.Qc4 Rc1 37.Qd3 Ra1 38.a6 Ra2 39.Qe3 Qa1 40.Qd3 Kg7 41.h4 h5 42.Kg2 Qe5
43.Kg1 Qc5 44.Qf3 f5 45.Qf4 Ra1 46.Qd2  1/2-1/2

[Event "21st Czech GM Open"]
[Site "Pardubice CZE"]
[Date "2010.07.26"]
[Round "4"]
[White "Blomqvist,E"]
[Black "Jirasek,P"]
[Result "1-0"]
[WhiteElo "2407"]
[BlackElo "2267"]

1.d4 Nf6 2.c4 e6 3.Nc3 Bb4 4.Nf3 b6 5.Bg5 Bb7 6.e3 h6 7.Bh4 g5 8.Bg3 Ne4
9.Qc2 d6 10.Bd3 Bxc3+ 11.bxc3 Nxg3 12.fxg3 Nd7 13.Be4 Bxe4 14.Qxe4 Nf6 15.Qc6+ Ke7
16.O-O Qd7 17.Ne5 dxe5 18.Qf3 Nh7 19.Qxf7+ Kd6 20.dxe5+ Kc6 21.Qf3+ Kc5 22.Rfd1 Qc6
23.Qg4 Rad8 24.Rab1 h5 25.Qd4+ Rxd4 26.cxd4+ Kxc4 27.Rdc1+ Kd5 28.e4+ Kxd4
29.Rxc6 Kxe5 30.Rxc7 Nf6 31.Rxa7 Rc8 32.Rb7 Rc2 33.a3 Ra2 34.R7xb6 Nxe4 35.Re1 Kf5
36.Rb5+ e5 37.Rf1+ Ke6 38.Rb6+ Kd7 39.Re1 Nd2 40.Rxe5 Nc4 41.Rd5+ Kc7 42.Re6  1-0

[Event "XXXVI Open"]
[Site "Sitges ESP"]
[Date "2010.07.27"]
[Round "6"]
[White "Barsov,A"]
[Black "Gonzalez Garcia,J2"]
[Result "1/2-1/2"]
[WhiteElo "2505"]
[BlackElo "2508"]

1.d4 Nf6 2.c4 e6 3.Nc3 Bb4 4.Nf3 c5 5.g3 cxd4 6.Nxd4 Ne4 7.Qd3 Qa5 8.Nb3 Nxc3
9.Bd2 Ne4 10.Nxa5 Bxd2+ 11.Qxd2 Nxd2 12.Kxd2  1/2-1/2

[Event "21st Czech GM Open"]
[Site "Pardubice CZE"]
[Date "2010.07.28"]
[Round "6"]
[White "Vidit,S"]
[Black "Ghaem Maghami,E"]
[Result "1-0"]
[WhiteElo "2492"]
[BlackElo "2585"]

1.d4 Nf6 2.c4 e6 3.Nc3 Bb4 4.Nf3 b6 5.Bg5 Bb7 6.e3 c5 7.Rc1 cxd4 8.Nxd4 a6
9.Qb3 Ba5 10.f3 Nc6 11.a3 O-O 12.Qd1 Bxc3+ 13.Rxc3 Ne5 14.Be2 h6 15.Bf4 d6
16.Bg3 Qe7 17.O-O Rfd8 18.Qb3 Nfd7 19.Rc2 Rac8 20.Rfc1 Rb8 21.e4 Rbc8 22.Qe3 Rc7
23.b4 Rdc8 24.Rc3 Qf6 25.Kh1 Qe7 26.Nb3 a5 27.bxa5 bxa5 28.Nxa5 Ba6 29.R3c2 Rc5
30.Be1 Qd8 31.f4 Rxa5 32.Bxa5 Qxa5 33.fxe5 Qxe5 34.Bf3 Nc5 35.Rd1 Bb7 36.Qd4 Bxe4
37.Qxe5 dxe5 38.Bxe4 Nxe4 39.c5 Rc6 40.a4 Kf8 41.a5 Ke7 42.Ra1 Nxc5 43.Rac1 Kd6
44.a6 Rxa6 45.Rxc5 f5 46.Rc7 g5 47.Rh7 e4 48.Rxh6 Ke5 49.Kg1 e3 50.Rh8 Ra4
51.Rhc8 Kd4 52.h3 e5 53.Rd1+ Ke4 54.Rc5 Rb4 55.Ra5 f4 56.Rdd5 Rb1+ 57.Kh2 Rb2
58.Rxe5+ Kd3 59.Ra3+ Kd2 60.Ra1 Ke2 61.Kg1  1-0

[Event "97th ch-GBR"]
[Site "Canterbury ENG"]
[Date "2010.07.29"]
[Round "4"]
[White "Williams,Si1"]
[Black "Rich,M"]
[Result "1-0"]
[WhiteElo "2511"]
[BlackElo "2166"]

1.d4 Nf6 2.c4 e6 3.Nf3 Bb4+ 4.Nc3 Ne4 5.Qc2 f5 6.g3 b6 7.Bg2 O-O 8.O-O d5
9.Ne5 Bb7 10.cxd5 exd5 11.Nxe4 fxe4 12.Qb3 Bd6 13.Bxe4 Bxe5 14.dxe5 Na6 15.Bg2 Nc5
16.Qc2 Qe7 17.b4 Ne4 18.Qb2 Rae8 19.f3 Ng5 20.f4 Ne4 21.Be3 c5 22.Bxe4 dxe4
23.bxc5 bxc5 24.Rac1 Rc8 25.Qa3  1-0

[Event "21st Czech GM Open"]
[Site "Pardubice CZE"]
[Date "2010.07.29"]
[Round "7"]
[White "Furman,Bo"]
[Black "Manik,M"]
[Result "1/2-1/2"]
[WhiteElo "2237"]
[BlackElo "2441"]

1.d4 Nf6 2.c4 e6 3.Nc3 Bb4 4.Nf3 d5 5.cxd5 exd5 6.Bg5 Nbd7 7.e3 c5 8.a3 Bxc3+
9.bxc3 Qa5 10.Be2 Qxc3+ 11.Kf1 c4 12.Nd2 O-O 13.h4 Qb2 14.Kg1 Re8 15.h5 c3
16.Nf1 Ne4 17.Bf4 Nb6 18.f3 Nd2 19.Nxd2  1/2-1/2